00881cam a22002651 4500001001300000003000400013005001700017008004100034010001700075035002000092040002600112042001200138043002100150050002300171245010700194250001100301260004600312300002300358490003300381650004300414651005300457651004400510830004400554999001700598pa 65000130 DLC20260227111857.0960224s1964 dcu 000 0 spa  apa 65000130  a(OCoLC)34261762 aDLCcOrPSdOCoLCdDLC apremarc an-us---acl-----00aJX506 1957b no. 910aTratados y convenciones interamericanos;bfirmas, ratificaciones y depósitos con notas explicativas. a[Rev.] aWashington,bUnión Panamericana,c1964. axi, 150 p.c28 cm.1 aSerie sobre tratados,vno. 9 0aPan-American treaties and conventions. 0aUnited StatesxForeign relationszLatin America. 0aLatin AmericaxPolitics and government. 0aSerie sobre derecho y tratados,vno. 9. c51573d51573